Anais da 2. Reuniao Itinerante de Fitossanidade do Instituto Biologico (Registro n. 61924)
[ somente texto ]
| 000 -LÍDER | |
|---|---|
| campo de controle de tamanho fixo | 01064nam a22003377a 4500 |
| 001 - NÚMERO DE CONTROLE | |
| campo de controle | BR0001257 |
| 003 - IDENTIFICADOR DO NÚMERO DE CONTROLE | |
| campo de controle | BR-BrBNA |
| 005 - DATA E HORÁRIO DA ÚLTIMA TRANSAÇÃO | |
| campo de controle | 20230928100602.0 |
| 007 - CAMPO FIXO DE DESCRIÇÃO FÍSICA--INFORMAÇÃO GERAL | |
| campo de controle de tamanho fixo | ta |
| 008 - CAMPO DE DADOS FIXOS--INFORMAÇÃO GERAL | |
| campo de controle de tamanho fixo | 230509b bl.||||| |||| 00| 0 por d |
| 040 ## - FONTE DA CATALOGAÇÃO | |
| Instituição da catalogação original | BR-BrBNA |
| Idioma da catalogação | por |
| Instituição que transcreveu o registro | Biblioteca Nacional de Agricultura |
| 041 ## - CÓDIGO DE IDIOMA | |
| Código do idioma do texto/trilha sonora ou título diferente | (Por) |
| 072 ## - CÓDIGO DE CATEGORIA DE ASSUNTO | |
| Código de Categoria de Assunto | H20; H10 |
| Código do objeto | 2120 |
| -- | 0820 |
| -- | 0332 |
| 090 ## - NÚMERO DE CHAMADA LOCAL | |
| -- | 2120 BR0001257 |
| 110 1# - ENTRADA PRINCIPAL--NOME CORPORATIVO | |
| Nome corporativo ou nome da jurisdição | Instituto Biologico, Sao Paulo, SP (Brasil) |
| 9 (RLIN) | 5694 |
| 110 1# - ENTRADA PRINCIPAL--NOME CORPORATIVO | |
| Nome corporativo ou nome da jurisdição | Cooperativa dos Cafeicultores da Regiao de Marilia, SP (Brasil) |
| 111 1# - ENTRADA PRINCIPAL--NOME DO EVENTO | |
| Nome do evento ou lugar | 2. Reuniao Itinerante de Fitossanidade do Instituto Biologico |
| Local do evento | Marilia, SP (Brazil) |
| Data do evento ou assinatura do tratado | 8-10 Jun 1999 |
| 245 1# - TÍTULO | |
| Título | Anais da 2. Reuniao Itinerante de Fitossanidade do Instituto Biologico |
| 260 3# - PUBLICAÇÃO, DISTRIBUIÇÃO, ETC. | |
| Local de publicação, distribuição, etc. | Marilia, SP (Brasil): |
| Data da publicação, distribuição, etc. | 1999. |
| 300 ## - DESCRIÇÃO FÍSICA | |
| Extensão | 115 p. |
| 500 ## - NOTA GERAL | |
| Nota geral | Several bibliography |
| 650 ## - ASSUNTO--TERMO TÓPICO | |
| Cabeçalho tópico ou nome geográfico | Cafe |
| 650 ## - ASSUNTO--TERMO TÓPICO | |
| Cabeçalho tópico ou nome geográfico | Melancia |
| 650 ## - ASSUNTO--TERMO TÓPICO | |
| Cabeçalho tópico ou nome geográfico | Amendoim |
| 650 ## - ASSUNTO--TERMO TÓPICO | |
| Cabeçalho tópico ou nome geográfico | Doenca de Planta |
| 650 ## - ASSUNTO--TERMO TÓPICO | |
| Cabeçalho tópico ou nome geográfico | Praga de Planta |
| 650 ## - ASSUNTO--TERMO TÓPICO | |
| Cabeçalho tópico ou nome geográfico | Controle Quimico |
| 650 ## - ASSUNTO--TERMO TÓPICO | |
| Cabeçalho tópico ou nome geográfico | Manejo |
| 909 ## - | |
| -- | 202309 |
| -- | Lucia |
| -- | 55 |
| -- | Lucia Elande |
| 942 ## - ELEMENTOS DE ENTRADA ADICIONADOS (KOHA) | |
| Tipo de material Koha | Livros |
| Situação do descarte | Fonte da classificação ou esquema de arquivamento na estante | Situação física | Não pode ser emprestado | Coleção | Biblioteca de origem | Biblioteca atual | Total de empréstimos | Número de telefone completo | Código de barras | Data de último acesso | Número do exemplar | Tipo de material Koha | Situação das perdas | Data de aquisição | Fonte de aquisição |
|---|---|---|---|---|---|---|---|---|---|---|---|---|---|---|---|
| Classificação AGRIS | Biblioteca Nacional de Agricultura - Binagri | Biblioteca Nacional de Agricultura - Binagri | 2120 BR0001257 | 2120 BR0001257 | 25/09/2023 | 01 | Livros | 2023-09-25 | Portaria Interministerial nº 164/94 |

BINAGRI